000 00549nam a2200217 a 4500
001 0001-2379
003 ELIB.Books
008 190912 2010 eng
020 _aKBTS
092 _a242
_bSch
100 _aSchuller, Robert Anthony.
245 _aPower for Life
260 _aCrystal Cathedral
_bhour of Power
300 _a408
_c18.5 cm
650 _aDevotional Literature
856 _nKBTS Library
_uKBTS Elib
942 _2ddc
_cBK
990 _a1
998 _aEnglishbooks.elf
_ccat
_e2019-09-12
999 _c12379
_d12379